000 00630nam a2200229Ia 4500
003 OSt
005 20220918204901.0
006 a|||||r|||| 00| 0
007 ta
008 220917b |||||||| |||| 00| 0 eng d
024 _a114,527
037 _cTextual
040 _aARTS
_cARTS
_beng
041 _2eng
_aeng
082 _aV55N57:91, K0
100 _aKitzinger Uwe
_9113415
245 0 _aGerman electoral politics
_b A study of the 1957 campaign
260 _aOxford
_bClarendon Press
_c1960
650 _aHISTORY
942 _hV55N57:91, K0
_cTEXL
_2CC
999 _c237857
_d237857